000 00746nem a2200229 u 4500
005 20200104041743.0
008 160505b2006 xxu||||| |a|| 00| 0 spa d
040 _aCO-BoIAVH
_cCO-BoIAVH
041 _aspa
044 _ack
090 _aMC-
_b0150
110 2 _aInstituto de Investigación de Recursos Biológicos Alexander von Humboldt.
_9204
245 1 _aDepartamento de Boyacá
_cUnisig- IAvH
_h[Material Cartografico]
255 _a1:35000
260 _aBogotá
_bInstituto de Investigación de Recursos Biológicos Alexander von Humboldt.
_c2006
300 _a1 mapa
_bcolor
_c70 x 77 cm
650 1 6 _aEscuelas
_94163
650 1 6 _aCarreteras
_970770
650 1 6 _aGeografía
_992259
650 1 6 _aHidrografía
_95361
942 _2z
_cMapa
999 _c18487
_d18487